Periodismo y lucha de clases : la información como forma de poder político /

Guardat en:
Dades bibliogràfiques
Autor principal: Taufic, Camili
Format: Desconegut
Idioma:Spanish
Publicat: México: Nueva imagen, 1979
Edició:6 edición
Matèries:
Etiquetes: Afegir etiqueta
Sense etiquetes, Sigues el primer a etiquetar aquest registre!

MARC

LEADER 000000000a22000000004500
001 000899
008 171101b xxu||||| |||| 00| 0 spa d
020 |a 9684290543 
041 0 |a español 
082 0 4 |a 070.1  |b T224p6 
100 1 |a Taufic, Camili 
245 1 0 |a Periodismo y lucha de clases :  |b la información como forma de poder político /  |c Camilo Taufic. 
250 |a 6 edición 
260 |a México:   |b Nueva imagen,   |c 1979 
300 |a 215 páginas 
650 4 |a PERIODISMO 
650 4 |a ASPECTOS SOCIALES 
942 |2 ddc  |c BK 
999 |c 1672  |d 1672